000 00748nam a22002537a 4500
001 BR7800192
003 BR-BrBNA
005 20230928085519.0
007 ta
008 230509b bl.||||| |||| 00| 0 por d
040 _aBR-BrBNA
_bpor
_cBiblioteca Nacional de Agricultura
041 _a(Por)
072 _aH10; H20
090 _ H10 BR7800192
100 1 _aMedeiros, C.B. de
110 1 _aEmpresa de Assistencia Tecnica e Extensao Rural do Estado de Pernambuco, Recife (Brasil)
245 1 _aMetodos e meios de controle as pragas e molestias [inseticida, fungicida]
260 3 _aRecife, PE (Brasil):
_c1977.
300 _a23 p.
650 _aINSETICIDA
650 _aFUNGICIDA
909 _a202309
_bLucia
_c55
_dLucia Elande
942 _cBK
999 _c24847
_d24847